000 00653nam a22001937a 4500
005 20130920164445.0
010 _aB-515528-560
020 _a8184822235
_c350.00
020 _a9788184822236
_c350.00
035 _aB-515528-560
037 _bUBH/Ven
082 _aS
245 _aBhagawat :
_cedited by Anant Pai; illustrated by Dilip Kadam
_bthe Krishna avatar /
260 _bAmar Chitra Katha
_c2012(repr.)
_aMumbai
270 _aThe Forum,3rd Floor Raghuvanshi Mill Compound. S.B.Marg, Lower Parel (W)
_bMumbai
_e400013
300 _a256p.
_c24cm(Hb)
_bcol. ill.
942 _cCH
_hS
_2ddc
_mBHA
999 _c79093
_d79093